| 000 | 01222nam a2200301 a 4500 | ||
|---|---|---|---|
| 090 | _c10072 | ||
| 001 | 3469611 | ||
| 005 | 20201124142117.0 | ||
| 008 | 931214s1994 enka b 001 0 eng | ||
| 010 | _a 93027616 | ||
| 020 | _a0415069572 (hard) | ||
| 020 | _a0415069580 (pbk.) | ||
| 040 |
_aDLC _cDLC _dDLC |
||
| 050 | 0 | 0 |
_aBF371 _b.A72 1994 |
| 082 |
_222 _a153.12 _bTHE |
||
| 245 | 0 | 0 |
_aTheoretical aspects of memory / _cEdited by Peter Morris and Michael Gruneberg. |
| 250 | _a2nd ed. | ||
| 260 |
_aLondon ; _aNew York : _bRoutledge,1994. _cc1994. |
||
| 300 |
_axi, 318 p. : _bill. ; _c23 cm. |
||
| 500 | _aWith Aspects of memory. Volume 1, The practical aspects (London ; New York : Routledge, 1992) forms the 2nd ed. of Aspects of memory (London : Methuen, 1978). | ||
| 504 | _aIncludes bibliographical references and index. | ||
| 650 | 0 | _aMemory. | |
| 730 | 0 |
_aAspects of memory. _97097 |
|
| 856 | 4 | 2 |
_3Publisher description _uhttp://www.loc.gov/catdir/enhancements/fy0648/93027616-d.html |
| 906 |
_a7 _bcbc _corignew _d2 _eocip _f19 _gy-gencatlg |
||
| 942 |
_2ddc _cBB |
||
| 999 |
_c10072 _d10072 |
||